banner-ar

المرأة المصرية.. عندما يجود الزمان / (Record no. 7530)

MARC details
000 -الفاتح
حقل البيانات ثابتة الطول 00783nam a2200229Ia 4500
005 - وقت وتاريخ اخر تعامل مع التسجيلة
رقم الضبط 20240530095449.0
008 - عناصر البيانات ثابتة الطول - معلومات عامة
حقل البيانات ثابتة الطول 140319s9999 xx 000 0 ara d
020 ## - الرقم الدولى المعيارى للكتب
الرقم الدولى المعيارى للكتاب 9185337977
040 ## - مصدر الفهرسة
وكالة الفهرسة الأصلية GCL /
وكالة النسخ GCL
082 04 - رقم تصنيف ديوى العشرى
رقم التصنيف 920.7262
رقم المادة ق/و م
100 1# - المدخل الرئيسى - إسم شخصى
الإسم الشخصى وفاء عبدالحميد
245 10 - بيان العنوان
العنوان المرأة المصرية.. عندما يجود الزمان /
بيان المسئوليه,etc وفاء عبدالحميد
250 ## - بيان الطبعة
بيان الطبعة الاولى
260 ## - PUBLICATION, DISTRIBUTION, ETC. (IMPRINT)
تاريخ النشر أو التوزيع 2005
300 ## - الوصف المادى
التعداد 237 ص ؛
أبعاد الوعاء 25 سم
490 ## - بيان السلسلة
عنوان السلسلة بميك
رقم المجلد/ التعيين التسلسلي 69
650 04 - المدخل الاضافى بالموضوع-مصطلح موضوعى
مصطلح موضوعي المرأة فى الحياة العامة
650 04 - المدخل الاضافى بالموضوع-مصطلح موضوعى
مصطلح موضوعي النساء - تراجم
650 04 - المدخل الاضافى بالموضوع-مصطلح موضوعى
مصطلح موضوعي المرأة - احوال اجتماعية
942 ## - عناصر المدخل الإضافي( كوها)
مصدر التصنيف او مخطط الترفيف Dewey Decimal Classification
Koha [default] item type كتاب
260 ## - PUBLICATION, DISTRIBUTION, ETC. (IMPRINT)
-- القاهرة :
-- مركز الخبرات المهنية للادارة بميك ،
Holdings
حالة التراجع حالة الفقد مصدر التصنيف او خطة الترفيف حالة تلف ليس للاعارة المكان المؤقت الموقع الحالى تاريخ الاكتساب اجمالي اﻻعارات رقم الطلب الباركود تاريخ اخر مشاهدة تاريخ تفعيل السعر نوع وعاء كوها
    ddc     مكتبة القاهرة الكبرى مكتبة القاهرة الكبرى 03/26/2014   920.7262 ق/و م 15526 03/26/2014 03/26/2014 كتاب
    ddc     مكتبة القاهرة الكبرى مكتبة القاهرة الكبرى 03/26/2014   920.7262 ق/و م 15527 03/26/2014 03/26/2014 كتاب
    ddc     مكتبة القاهرة الكبرى مكتبة القاهرة الكبرى 03/26/2014   920.7262 ق/و م 15528 03/26/2014 03/26/2014 كتاب
    ddc     مكتبة القاهرة الكبرى مكتبة القاهرة الكبرى 03/26/2014   920.7262 ق/و م 15529 03/26/2014 03/26/2014 كتاب
    ddc     مكتبة القاهرة الكبرى مكتبة القاهرة الكبرى 03/26/2014   920.7262 ق/و م 15530 03/26/2014 03/26/2014 كتاب

Powered By

EGPV